000 00872nam a2200265 a 4500
001 000003175
003 DO-SdBNP
005 20240530073910.0
007 ta
008 090707s2006 dr 000 f spa d
020 _a9945160532
040 _aDO-SdBNP
_bspa
_cBNPHU
082 _a863.44
_bM433av
_222
100 1 _aMatos Moquete, Manuel,
_d1944-
_96349
245 1 3 _aLa avalancha :
_bleyenda negra /
_cManuel Matos Moquete ; edición Lizet Rodríguez Hernández.
260 _aSanto Domingo :
_bBúho,
_c2006.
300 _a122 p. ;
_c22 cm.
500 _aIncluye datos biográficos del autor en las solapas del libro.
590 _aInventariado, 2019/MFF
650 0 _aNovela dominicana
_9223
650 0 _aLiteratura dominicana.
_967
700 1 _aRodríguez Hernández, Lizet,
_eed.
_910012
910 _aValidado. Control de calidad MMOLINA
942 _2ddc
_cLBS1
999 _c3006
_d3006